000 00406nam a22001697a 4500
005 20180313113840.0
008 160525b xxu||||| |||| 00| 0 eng d
020 _a81-7493-847-8
041 _aeng
082 _b4838
_a332.6
100 _aSingh, Preeti
_91214
245 _aInvestment Management
260 _aNew Delhi
_bAcademic Faundation
300 _a447
650 _aManagement
_9241
942 _cBK
999 _c1667
_d1666